Business and finance V.2 : capital markets, proceedings of the international conference 2004 (Record no. 188183)
[ view plain ]
| 000 -LEADER | |
|---|---|
| fixed length control field | 00533nam a2200157Ia 4500 |
| 005 - DATE AND TIME OF LATEST TRANSACTION | |
| control field | 20250311135839.0 |
| 008 - FIXED-LENGTH DATA ELEMENTS--GENERAL INFORMATION | |
| fixed length control field | 231217s9999 xx 000 0 und d |
| 020 ## - INTERNATIONAL STANDARD BOOK NUMBER | |
| International Standard Book Number | 9788178815992 |
| 082 ## - DEWEY DECIMAL CLASSIFICATION NUMBER | |
| Classification number | 658.1 ICF.2;2 R1 |
| 100 ## - MAIN ENTRY--PERSONAL NAME | |
| Personal name | Narender, Vunyale. Vijaychandra Kumar, C ed. |
| 245 #0 - TITLE STATEMENT | |
| Title | Business and finance V.2 : capital markets, proceedings of the international conference 2004 |
| 260 ## - PUBLICATION, DISTRIBUTION, ETC. (IMPRINT) | |
| Date of publication, distribution, etc. | 2005 |
| Name of publisher, distributor, etc. | ICFAI Press |
| Place of publication, distribution, etc. | Hyderabad |
| 300 ## - PHYSICAL DESCRIPTION | |
| Extent | vii, 108 |
| 650 ## - SUBJECT ADDED ENTRY--TOPICAL TERM | |
| Topical term or geographic name as entry element | Business,finance,V.2,capital,markets,,conference,2004 |
| 942 ## - ADDED ENTRY ELEMENTS (KOHA) | |
| Koha item type | Books |
| Date last seen | Total Checkouts | Full call number | Accession number | Old discount | Uniform Resource Identifier | Cost, replacement price | Price effective from | Category | Public note | Lost status | Damaged status | Department | Withdrawn status | bill no. | bill date | Permanent Location | Current Location | Shelving location | Entry date | Vendor | Cost, normal purchase price | Grants | Currency symbol | Conversion rate | Discount | Discount type |
|---|---|---|---|---|---|---|---|---|---|---|---|---|---|---|---|---|---|---|---|---|---|---|---|---|---|---|
| 26/01/2024 | 658.1 ICF.2;2 R1 | 64577 | digital/contents/51216.pdf | 38.00 | 26/01/2024 | Books | 64577 | F-Block Annex | 1993 | 25/02/2014 | Central Library | Central Library | F-Block Library Annex | 24/08/2010 | ICFAI Press | 38.00 | MBA | RS | 1 | Rupees | ||||||
| 26/01/2024 | 658.1 ICF.2;3 | 64578 | digital/contents/51216.pdf | 38.00 | 26/01/2024 | Books | 64577 | Central Library | 1993 | 25/02/2014 | Central Library | Central Library | Central Library | 24/08/2010 | ICFAI Press | 38.00 | MBA | RS | 1 | Rupees | ||||||
| 26/01/2024 | 658.1 ICF.2;4 | 72051 | digital/contents/51216.pdf | 38.00 | 26/01/2024 | Books | 72051 | Central Library | 1993 | 20/05/2015 | Central Library | Central Library | Central Library | 24/12/2010 | ICFAI Press | 38.00 | MBA | RS | 1 | Rupees | ||||||
| 26/01/2024 | 658.1 ICF.2;5 | 72052 | digital/contents/51216.pdf | 38.00 | 26/01/2024 | Books | 72052 | Central Library | 1993 | 20/05/2015 | Central Library | Central Library | Central Library | 24/12/2010 | ICFAI Press | 38.00 | MBA | RS | 1 | Rupees |
